Communication skills. (Record no. 554437)
[ view plain ]
| 000 -LEADER | |
|---|---|
| fixed length control field | 00904cam a2200253 a 4500 |
| 020 ## - INTERNATIONAL STANDARD BOOK NUMBER | |
| International Standard Book Number | 1259025713 (hardcover : alk. paper) |
| 020 ## - INTERNATIONAL STANDARD BOOK NUMBER | |
| International Standard Book Number | 9781259025716 |
| 082 00 - DEWEY DECIMAL CLASSIFICATION NUMBER | |
| Classification number | 651.7 |
| Author Mark | BRE |
| -- | N-02,P-101 |
| 100 ## - MAIN ENTRY--PERSONAL NAME | |
| Personal name | Bretag,Tracey |
| 9 (RLIN) | 36098 |
| 245 00 - TITLE STATEMENT | |
| Title | Communication skills. |
| 250 ## - EDITION STATEMENT | |
| Edition statement | Revised |
| 260 ## - PUBLICATION, DISTRIBUTION, ETC. | |
| Place of publication, distribution, etc. | New Delhi: |
| Name of publisher, distributor, etc. | Tata McGraw Hill, |
| Date of publication, distribution, etc. | c2009. |
| 300 ## - PHYSICAL DESCRIPTION | |
| Extent | 249 p. : |
| Other physical details | ill. ; |
| Dimensions | 24 cm. |
| 505 0# - FORMATTED CONTENTS NOTE | |
| Formatted contents note | Writing with a purpose -- Speaking with confidence -- Communicating effectively -- Good communicators are good listeners -- Making meetings work. |
| 526 ## - STUDY PROGRAM INFORMATION NOTE | |
| Program name | 0 |
| Interest level | 0 |
| Reading level | 0 |
| Title point value | 651_700000000000000_BRE |
| 650 #0 - SUBJECT ADDED ENTRY--TOPICAL TERM | |
| Topical term or geographic name entry element | Business communication |
| 9 (RLIN) | 29717 |
| 650 #1 - SUBJECT ADDED ENTRY--TOPICAL TERM | |
| Topical term or geographic name entry element | Business communication. |
| 9 (RLIN) | 29717 |
| 650 #1 - SUBJECT ADDED ENTRY--TOPICAL TERM | |
| Topical term or geographic name entry element | Commercial correspondence. |
| 9 (RLIN) | 11525 |
| 650 #1 - SUBJECT ADDED ENTRY--TOPICAL TERM | |
| Topical term or geographic name entry element | Listening. |
| 9 (RLIN) | 36099 |
| 650 #1 - SUBJECT ADDED ENTRY--TOPICAL TERM | |
| Topical term or geographic name entry element | Public speaking. |
| 9 (RLIN) | 30004 |
| 700 1# - ADDED ENTRY--PERSONAL NAME | |
| Personal name | Bordia, Sarbari |
| 9 (RLIN) | 36101 |
| 700 1# - ADDED ENTRY--PERSONAL NAME | |
| Personal name | Crossman, Joanna. |
| 9 (RLIN) | 36100 |
| 942 ## - ADDED ENTRY ELEMENTS (KOHA) | |
| Source of classification or shelving scheme | |
| Koha item type | Book |
| Withdrawn status | Lost status | Source of classification or shelving scheme | Damaged status | Not for loan | Permanent Location | Current Location | Date acquired | Total Checkouts | Full call number | Barcode | Date last seen | Price effective from | Koha item type |
|---|---|---|---|---|---|---|---|---|---|---|---|---|---|
| Military College of Engineering (MCE) | Military College of Engineering (MCE) | 11/17/2020 | 651.7 BRE | MCE-51490 | 11/17/2020 | 11/17/2020 | Book |
